Statistics for Harry Potter and the Chamber of Secrets Quiz

Click here to take the quiz!

General Stats

  • This quiz has been taken 379 times
  • The average score is 5 of 6

Answer Stats

QuestionAnswer% Correct
Mrs. ______ sent Ron ______ a Howler.Weasley
95%
Professor _______ and Professor Snape ran the Dueling club.Lockhart
91%
The message, "Enemies of the heir, beware" was written in _______.Blood
90%
________ found Riddle's diary.Harry
88%
Mrs. _______ was the first victim of the basilisk.Norris
82%
Harry's Parseltounge ability was discovered at the ______ club.Dueling
79%

Score Distribution

Percentile by Number Answered

Percent of People with Each Score

Your Score History

You have not taken this quiz